LEADER 01291nam a2200313 i 4500 001 991003459409707536 005 20021217151306.0 008 971030s1965 it a 001 0 ita d 020 $a8870190765 035 $ab11812977-39ule_inst 035 $aLE00301008$9ExL 040 $aDi.S.Te.B.A.$beng 082 0 $a593.9 245 00$aEchinodermata /$ca cura di Enrico Tortonese 260 3 $aBologna :$bCalderini,$cc1965 300 $axiii, 422 p. :$bill. ;$c25 cm 490 0 $aFauna d'Italia ;$v6 500 $aIncludes Bibliography: p. 384-412 and index 650 4$aEchinodermata 650 4$aFauna$zItaly 700 1 $aTortonese, Enrico 907 $a.b11812977$b27-04-17$c18-12-02 912 $a991003459409707536 945 $aLE003 591 FAU01.01 06 C.1 (1965) RAM$g1$i2003000003963$lle003$o-$pE0.00$q-$rl$s- $t0$u1$v0$w1$x0$y.i12061918$z18-12-02 945 $aLE003 591 FAU01.01 06 C.2 (1965) RAM$g2$i2003000031041$lle003$nStazione Biol. Marina$o-$pE0.00$q-$rl$s- $t0$u3$v1$w3$x0$y.i12085613$z18-12-02 945 $aLE003 591 FAU01.01 06 C.3 (1965) RAM$g3$i2003000030631$lle003$nStazione Biol. Marina$o-$pE0.00$q-$rl$s- $t0$u1$v0$w1$x0$y.i12085601$z18-12-02 996 $aEchinodermata$9373605 997 $aUNISALENTO 998 $ale003$b01-01-97$cm$da $e-$fita$git $h0$i1 LEADER 05476oam 2200841I 450 001 9910783466003321 005 20230803194226.0 010 $a0-429-07785-8 010 $a0-415-51578-5 010 $a1-4822-8631-9 010 $a9786610058495 010 $a1-280-05849-8 010 $a6610058490 010 $a0-203-21559-1 024 7 $a10.1201/9781482286311 035 $a(CKB)1000000000209946 035 $a(EBL)181437 035 $a(OCoLC)475891566 035 $a(SSID)ssj0000304763 035 $a(PQKBManifestationID)11256286 035 $a(PQKBTitleCode)TC0000304763 035 $a(PQKBWorkID)10284264 035 $a(PQKB)10597227 035 $a(MiAaPQ)EBC181437 035 $a(Au-PeEL)EBL181437 035 $a(CaPaEBR)ebr10164675 035 $a(CaONFJC)MIL5849 035 $a(OCoLC)1027756257 035 $a(EXLCZ)991000000000209946 100 $a20180706d2014 uy 0 101 0 $aeng 135 $aur|n|---||||| 181 $ctxt 182 $cc 183 $acr 200 00$aOdour Prevention and Control of Organic Sludge and Livestock Farming /$feditors, V.C. Nielsen, J.H. Voorburg 205 $aFirst edition. 210 1$aBoca Raton, FL :$cCRC Press,$d2014. 215 $a1 online resource (436 p.) 300 $a"Proceedings of a seminar held in Silsoe, United Kingdom, 15-19 April 1985." 300 $aOn cover: Commission of the European Communities. 311 $a1-85166-010-0 311 $a0-203-29281-2 320 $aIncludes bibliographies and index. 327 $aBook Cover; Title; Contents; Preface; A review of COST Project 681 Treatment and use of organic sludges and liquid agricultural wastes'; A review of work of the FAO Sub-network 2: the reduction of odours in animal production; Odour problems related to waste water and sludge treatment; Agricultural problems related to odour prevention and control; Odour research and ammonia volatilisation; Ammonia loss from grassland systems; Sampling of odorous air for olfactometric measurement; Standardization of olfactometric measurements 327 $aSelection and treatment of panelists for determination of odor thresholdsVDI guidelines on odour problems; An established system for odour detection threshold measurements; Guideline for olfactometric measurements in The Netherlands: comparison with Western European guidelines; French Tentative Standard X-43-101: Method of measurements of the odour of a gaseous effluent. Comments on interpretations made by Messrs Hartung, Voorburg and Hangartner; Experiences with olfactometric measurements in Norway; Limitations imposed on olfactometric measurements by the human factor 327 $aExperiences with transportable olfactometersDispersion models for emissions from agricultural sources; Experiences with olfactometers; Physical calibration of olfactometric measurements; Developments in the assessment of odours from sludges; Odour concentration and odour annoyance; Comparison of olfactometric odour measurement and chemical odour measurement; Treatment of livestock manure: air drying and composting poultry manure; The effect of insulating broiler house floors on odour emission; Use of peat as litter for milking cows; Covering manure storing tanks to control odour 327 $aMachinery spreading: soil injection as a barrier to odour dispersionSwedish experiences with soil injection; Separation as a method of manure handling and odours reduction in pig buildings; Measurements of the olfactometric efficiency of various odour control devices in rendering plants; The effects of weather on odour dispersion from livestock buildings and from fields; Design and use of biofilters for livestock buildings; Experience in the use of biofilters; Design and experience obtained with bioscrubbers; Aeration of pig slurry to control odours and to reduce nitrogen levels 327 $aOxygen requirements for controlling odours from pig slurry by aerationAeration and odour control by heterotrophic and autotrophic microorganisms; Identification of volatile components in headspace from animal slurries; Odours at water reclamation works; BOD5, TOA and odour offensiveness; Dust in livestock buildings as a carrier of odours; Dust concentrations in pig buildings; Large-scale biogas plants in Hungary; Anaerobic digestion to control odours; The bio-gas project in Emilia-Romagna (Italy); The bio-gas project in Emilia-Romagna (Italy): first results of five full scale plants 327 $aFarm experiments of anaerobic digestion to control odours from slurry 330 2 $a"Proceedings of a round-table seminar, Silsoe, UK, 15-19 April 1985."--Provided by publisher. 606 $aAgricultural wastes$vCongresses 606 $aLivestock$vCongresses 606 $aOdor control$vCongresses 606 $aOlfactometry$vCongresses 606 $aOrganic wastes$vCongresses 606 $aSewage sludge$vCongresses 615 0$aAgricultural wastes 615 0$aLivestock 615 0$aOdor control 615 0$aOlfactometry 615 0$aOrganic wastes 615 0$aSewage sludge 676 $a628.5/3 702 $aNielsen$b V.C. 702 $aVoorburg$b J.H. 712 02$aCommission of the European Communities. 801 0$bFlBoTFG 801 1$bFlBoTFG 906 $aBOOK 912 $a9910783466003321 996 $aOdour Prevention and Control of Organic Sludge and Livestock Farming$93689033 997 $aUNINA